| 000 | 01599cam a2200421 a 4500 | ||
|---|---|---|---|
| 001 | 8516 | ||
| 003 | FISKH | ||
| 005 | 20260114080225.0 | ||
| 008 | 000810s2001 ctua b 000 1 eng | ||
| 010 | _a 00063742 | ||
| 020 |
_a1568999658 _qalk. paper |
||
| 020 | _a9781568999661 | ||
| 020 |
_a1568999666 _qmicro hc : alk. paper |
||
| 020 |
_a9781568999654 _q(alk. paper) |
||
| 020 |
_a9781568999661 _q(micro hc : alk. paper) |
||
| 040 |
_aDLC _cDLC _dDLC _beng |
||
| 050 | _aPZ10.H716 I | ||
| 082 | _a599.79 | ||
| 100 | 1 | _aHollenbeck, Kathleen M. | |
| 245 | 1 | 0 |
_aIslands of ice : _bthe story of a harp seal / _cby Kathleen M. Hollenbeck ; illustrated by John Paul Genzo. |
| 260 |
_aNorwalk : _bSoundprints, _c2001. |
||
| 300 |
_a31 pages : _bcolor illustrations ; _c12 x 15 cm |
||
| 500 | _a"Smithsonian Oceanic Collection"--cover. | ||
| 505 | _aN | ||
| 520 | _aTraces a year in the life of a harp seal, from her birth on an ice floe in the Gulf of St. Lawrence, through the spring migration, and back to her home in the Gulf. | ||
| 521 | 8 |
_a530
_bLexile estimate |
|
| 521 | 8 |
_aN
_bRaz-Plus |
|
| 650 | 0 |
_aHarp seal _vJuvenile fiction. |
|
| 650 | 1 |
_aHarp seals _vFiction. |
|
| 650 | 1 |
_aEarless seals _vFiction. |
|
| 650 | 1 |
_aSeals (Mammals) _vFiction. |
|
| 655 | 7 |
_aFiction. _2lcgft _0https://id.loc.gov/authorities/genreForms/gf2014026339 |
|
| 655 | 7 |
_aFiction. _2lcgft _0https://id.loc.gov/authorities/genreForms/gf2014026339 |
|
| 700 | 1 |
_aGenzo, John Paul, _eillustrator |
|
| 906 |
_a7 _bcbc _corignew _d1 _eocip _f20 _gy-gencatlg |
||
| 942 |
_2ddc _cBK _n0 |
||
| 999 |
_c8516 _d8516 |
||